00314nam a22001217a 4500003000400000005001700004008004100021040001400062100001900076245004300095260004600138300000800184OSt20170922163122.0170922b xxu||||| |||| 00| 0 eng d csero soft aSrivastava,O.P aPrinciples of Criminal Law Sociolology aLucknowbEastern book companyc23-04-2017 a279